Ekomstat '94. Využitie štatistických metód v sociálno-ekonomickej praxi 7. škola štatistiky

Guardado en:
Detalles Bibliográficos
Otros Autores: Chajdiak, Jozef
Formato: Libro
Lenguaje:eslovaco
Publicado: Bratislava Slovenská štatistická a demografická spoločnosť 1994
Edición:1. vyd.
Materias:
Etiquetas: Agregar Etiqueta
Sin Etiquetas, Sea el primero en etiquetar este registro!

MARC

LEADER 00000nam a2200000 4500
001 c005682
005 20240111124743.7
041 0 |a slo 
044 |a SK 
245 1 0 |a Ekomstat '94. Využitie štatistických metód v sociálno-ekonomickej praxi  |b 7. škola štatistiky  |c Hl. zost. Jozef Chajdiak 
250 |a 1. vyd. 
264 1 |a Bratislava  |b Slovenská štatistická a demografická spoločnosť  |c 1994 
300 |a 22 s. 
610 2 0 |a štatistika 
610 2 0 |a metódy štatistické 
610 2 0 |a výskum štatistický 
700 1 |a Chajdiak, Jozef